000 01068 a2200241 4500
005 20260406130523.0
008 260406b |||||||| |||| 00| 0 eng d
020 _a9788173097249 (hbk)
037 _cTB
040 _aCRL
_cCRL
041 _2hin
_ahin
084 _aO152,3M80,KA R3
_qCRL
100 _aप्रेमचंद
_9863133
245 _aकर्मभूमि:
_bप्रथम संस्करण, 1932: मूल पाठ
260 _aनई दिल्ली, भारत:
_bसस्ता साहित्य प्रकाशन मण्डल,
_c2023.
300 _a410पृ.
365 _b600.00
_cINR
650 _aहिन्दी कहानी
650 _aहिन्दी साहित्य
700 _aगोयनका, कमल किशोर
_eसम्पादक
942 _cTB
_2CC
_hO152,3M80,KA R3
999 _c1467311
_d1467311